[Event "Andorra op"]
[Site "Erts - La Massana"]
[Date "2013.07.20"]
[Round "1.12"]
[White "Coleman, R."]
[Black "Ibarra Jerez, JC."]
[Result "1/2-1/2"]
[WhiteElo "2021"]
[BlackElo "2538"]
[PlyCount "159"]
[EventDate "2013.??.??"]
[EventType "swiss"]
[EventRounds "9"]

1. e4 c5 2. Nf3 e6 3. d3 d5 4. Nc3 Nc6 5. exd5 exd5 6. Be2 Nf6 7. Bg5 Be7 8.
O-O h6 9. Bh4 d4 10. Bxf6 Bxf6 11. Ne4 Be7 12. Re1 O-O 13. Qd2 Be6 14. Ng3 Qb6
15. c3 dxc3 16. bxc3 Rad8 17. Rab1 Qc7 18. Qb2 b6 19. d4 cxd4 20. cxd4 Qd6 21.
Red1 Qa3 22. Qxa3 Bxa3 23. Rd3 Be7 24. a3 Na5 25. Rbd1 Bb3 26. Rc1 Rfe8 27.
Rcc3 Bd6 28. Bf1 Bd5 29. Re3 Bf4 30. Rxe8+ Rxe8 31. Ne2 Bd6 32. Nc1 g5 33. h3
f6 34. a4 Kf7 35. Bb5 Re7 36. Ne2 Bb7 37. Kf1 a6 38. Bd3 Bc6 39. Bxa6 Bxa4 40.
Bd3 Bc6 41. Nd2 b5 42. Rc2 Ra7 43. d5 Bd7 44. Nd4 b4 45. Nc6 Bxc6 46. dxc6 Be5
47. Nb3 Nxb3 48. Bc4+ Ke7 49. Bxb3 Bc3 50. Ra2 Rc7 51. Ba4 Kd6 52. Ke2 Kc5 53.
Kd3 Re7 54. Re2 Ra7 55. Ra2 Be5 56. Rc2+ Bc3 57. Ra2 Ra8 58. f3 Be5 59. Kc2 Rd8
60. Kb1 Rd3 61. c7 Bxc7 62. Rc2+ Rc3 63. Rxc3+ bxc3 64. h4 Kd4 65. hxg5 hxg5
66. Kc2 Bg3 67. Bd7 Be5 68. g4 Ke3 69. Bc6 f5 70. gxf5 Kf4 71. Ba8 Bf6 72. Bb7
Ke3 73. Ba8 Bg7 74. Bb7 Kf4 75. Ba8 Kxf5 76. Bb7 Kf4 77. Ba8 Ke3 78. Bb7 g4 79.
fxg4 Bf6 80. Bc8 1/2-1/2

[Event "Andorra op"]
[Site "Erts - La Massana"]
[Date "2013.07.20"]
[Round "1.13"]
[White "Narciso Dublan, M."]
[Black "Olson, H."]
[Result "1-0"]
[WhiteElo "2536"]
[BlackElo "2021"]
[PlyCount "69"]
[EventDate "2013.??.??"]
[EventType "swiss"]
[EventRounds "9"]

1. d4 d5 2. c4 e6 3. Nc3 Nf6 4. cxd5 exd5 5. Bg5 Be7 6. e3 Nbd7 7. Bd3 c6 8.
Nge2 Nf8 9. O-O Ne6 10. Bh4 O-O 11. Qb1 h6 12. b4 a5 13. b5 c5 14. Rd1 cxd4 15.
exd4 Ng5 16. Bg3 Re8 17. Qb3 Be6 18. Nf4 Bd6 19. Rac1 Rc8 20. b6 Bb4 21. h4
Nge4 22. Nxe4 Nxe4 23. Bxe4 dxe4 24. Nxe6 Rxe6 25. Rxc8 Qxc8 26. d5 Rxb6 27. d6
Qd7 28. Qe3 Rc6 29. Qxe4 Bc5 30. Qd5 Bb4 31. Be5 b6 32. Rd3 Rc1+ 33. Kh2 g6 34.
a3 Bc5 35. Qa8+ 1-0

[Event "Andorra op"]
[Site "Erts - La Massana"]
[Date "2013.07.20"]
[Round "1.14"]
[White "Uriarte Prieto, G."]
[Black "Cabrera, A."]
[Result "0-1"]
[WhiteElo "2018"]
[BlackElo "2525"]
[PlyCount "82"]
[EventDate "2013.??.??"]
[EventType "swiss"]
[EventRounds "9"]

1. e4 c5 2. c3 d6 3. Nf3 Nf6 4. Bb5+ Nbd7 5. d3 e6 6. Nbd2 a6 7. Ba4 Be7 8. O-O
b5 9. Bc2 Bb7 10. Re1 Qc7 11. Nf1 Rc8 12. Ng3 O-O 13. Bf4 Rfe8 14. Rc1 e5 15.
Bg5 h6 16. Be3 d5 17. exd5 Nxd5 18. d4 exd4 19. cxd4 c4 20. Nf5 Bf8 21. Bb1
Nxe3 22. fxe3 Nf6 23. Ne5 g6 24. Nh4 Bd6 25. Nhf3 Bxf3 26. Nxf3 Ng4 27. e4
Bxh2+ 28. Kf1 Qf4 29. Qd2 Bg3 30. Qxf4 Bxf4 31. Rcd1 Ne3+ 32. Rxe3 Bxe3 33. e5
Bf4 34. Kf2 b4 35. g3 Bg5 36. d5 c3 37. bxc3 bxc3 38. Bc2 Rb8 39. e6 Rb2 40.
Ne1 fxe6 41. dxe6 Rxe6 0-1

[Event "Andorra op"]
[Site "Erts - La Massana"]
[Date "2013.07.20"]
[Round "1.15"]
[White "Gozzoli, Y."]
[Black "Basas Gamazo, J."]
[Result "1-0"]
[WhiteElo "2523"]
[BlackElo "2012"]
[PlyCount "69"]
[EventDate "2013.??.??"]
[EventType "swiss"]
[EventRounds "9"]

1. d4 Nf6 2. c4 g6 3. Nc3 Bg7 4. e4 d6 5. Nf3 O-O 6. h3 e5 7. d5 Nbd7 8. Be3
Nc5 9. Nd2 a5 10. g4 Nfd7 11. h4 f5 12. g5 f4 13. Bxc5 Nxc5 14. Qf3 Bd7 15. Bh3
a4 16. Bxd7 Qxd7 17. O-O-O Rfb8 18. Kb1 c6 19. h5 Kf7 20. Qe2 Na6 21. Nxa4 b5
22. hxg6+ hxg6 23. dxc6 Qxc6 24. cxb5 Rxb5 25. Qc4+ Qxc4 26. Nxc4 Bf8 27. Rxd6
Nb4 28. Nc3 Rc5 29. Rf6+ Kg7 30. Nb6 Ra7 31. Nbd5 Nxd5 32. Nxd5 Rf7 33. Rh7+
Kxh7 34. Rxf7+ Bg7 35. f3 1-0

[Event "Andorra op"]
[Site "Erts - La Massana"]
[Date "2013.07.20"]
[Round "1.17"]
[White "Hamitevici, V."]
[Black "Brechin, H."]
[Result "1-0"]
[WhiteElo "2482"]
[BlackElo "2009"]
[PlyCount "69"]
[EventDate "2013.??.??"]
[EventType "swiss"]
[EventRounds "9"]

1. e4 c5 2. Nf3 d6 3. c3 Nf6 4. h3 Nc6 5. Bd3 g6 6. O-O Bg7 7. Bc2 O-O 8. d4
cxd4 9. cxd4 Nb4 10. Bb3 Nc6 11. Nc3 e6 12. Re1 a6 13. a3 b5 14. d5 Na5 15.
dxe6 Bxe6 16. Bxe6 fxe6 17. Bg5 Qb6 18. Be3 Qc7 19. Nd2 Rac8 20. Rc1 Qb7 21. b4
Nc6 22. Qb3 Qc7 23. Nf3 Nh5 24. Nd5 Qb7 25. Nb6 Rce8 26. Red1 Ne5 27. Rxd6
Nxf3+ 28. gxf3 Qf7 29. Nd7 Nf4 30. Bxf4 Qxf4 31. Rcc6 Be5 32. Rxe6 Qh2+ 33. Kf1
Qxh3+ 34. Ke2 Rxe6 35. Nxf8 1-0

[Event "Andorra op"]
[Site "Erts - La Massana"]
[Date "2013.07.20"]
[Round "1.18"]
[White "Galimany Rovira, X."]
[Black "Burg, T."]
[Result "0-1"]
[WhiteElo "2006"]
[BlackElo "2479"]
[PlyCount "60"]
[EventDate "2013.??.??"]
[EventType "swiss"]
[EventRounds "9"]

1. c4 e5 2. g3 Nf6 3. Bg2 Nc6 4. Nc3 Bc5 5. d3 O-O 6. Nf3 d6 7. O-O h6 8. a3 a6
9. b4 Ba7 10. Bb2 Nd4 11. e3 Nxf3+ 12. Bxf3 c6 13. d4 exd4 14. exd4 Re8 15. c5
d5 16. Qd3 Bh3 17. Rfe1 Qd7 18. Re2 Bf5 19. Qd2 Rxe2 20. Bxe2 Re8 21. Bf3 Qe6
22. a4 Bb8 23. b5 Nh7 24. Bg2 Ng5 25. h4 Nh3+ 26. Kh2 g5 27. Bxh3 Bxh3 28. hxg5
Bg4 29. Nd1 Qg6 30. Ra3 Qh5+ 0-1

[Event "Andorra op"]
[Site "Erts - La Massana"]
[Date "2013.07.20"]
[Round "1.20"]
[White "Hayes, S."]
[Black "Demuth, A."]
[Result "0-1"]
[WhiteElo "1991"]
[BlackElo "2463"]
[PlyCount "64"]
[EventDate "2013.??.??"]
[EventType "swiss"]
[EventRounds "9"]

1. d4 Nf6 2. c4 g6 3. g3 Bg7 4. Bg2 O-O 5. Nc3 d6 6. e4 c5 7. Nge2 cxd4 8. Nxd4
Nc6 9. Nde2 a6 10. O-O Rb8 11. Rb1 b5 12. cxb5 axb5 13. h3 b4 14. Nd5 Ba6 15.
Re1 Ne5 16. Nd4 e6 17. Nxf6+ Qxf6 18. Be3 Rfc8 19. Nf3 Qd8 20. Nxe5 Bxe5 21.
Bd4 Qa5 22. Ra1 Rc4 23. Bxe5 Qxe5 24. Qd2 Rd4 25. Qc2 Rc8 26. Qb3 Rd2 27. Qxb4
Rxb2 28. Qa3 Rcc2 29. Qe3 Qf6 30. Bf3 Rc3 31. e5 Rxe3 32. exf6 Rxf3 0-1

[Event "Andorra op"]
[Site "Erts - La Massana"]
[Date "2013.07.21"]
[Round "2.2"]
[White "Rodshtein, M."]
[Black "MacQueen, C."]
[Result "1-0"]
[WhiteElo "2641"]
[BlackElo "2248"]
[PlyCount "65"]
[EventDate "2013.??.??"]
[EventType "swiss"]
[EventRounds "9"]

1. d4 Nf6 2. c4 c5 3. d5 e6 4. Nc3 exd5 5. cxd5 d6 6. Nf3 g6 7. Bf4 a6 8. a4
Bg7 9. h3 O-O 10. e3 Qe7 11. Nd2 Nbd7 12. Be2 Ne8 13. O-O Rb8 14. a5 b5 15.
axb6 Rxb6 16. Nc4 Rb4 17. Na5 Nb8 18. Nc6 Nxc6 19. dxc6 Be6 20. Qd2 Be5 21.
Bxe5 dxe5 22. Rxa6 c4 23. Bf3 Qc5 24. Rfa1 Nc7 25. Ra7 Nb5 26. Rb7 Nxc3 27.
Qxc3 Rb5 28. Rxb5 Qxb5 29. Ra5 Qb6 30. Qxe5 Rb8 31. c7 Rc8 32. Rc5 h6 33. Rc6
1-0

[Event "Andorra op"]
[Site "Erts - La Massana"]
[Date "2013.07.21"]
[Round "2.4"]
[White "Felgaer Ziegler, R."]
[Black "Llaneza Vega, P."]
[Result "1-0"]
[WhiteElo "2586"]
[BlackElo "2232"]
[PlyCount "97"]
[EventDate "2013.??.??"]
[EventType "swiss"]
[EventRounds "9"]

1. c4 e5 2. g3 Nc6 3. Bg2 g6 4. Nc3 Bg7 5. e3 d6 6. Nge2 Nf6 7. d3 O-O 8. O-O
Be6 9. Nd5 Qd7 10. b3 Bh3 11. Bb2 Bxg2 12. Kxg2 Ne7 13. Nxf6+ Bxf6 14. e4 Bg7
15. d4 exd4 16. Bxd4 Qe6 17. f3 a5 18. Nf4 Qc8 19. Bxg7 Kxg7 20. Qd4+ f6 21. c5
dxc5 22. Qxc5 Nc6 23. Rad1 Rf7 24. Rd5 Qe8 25. Rfd1 Re7 26. R5d2 Qf7 27. Qc3
Rae8 28. a3 Qf8 29. b4 axb4 30. axb4 Rf7 31. Nd5 Qd6 32. b5 Ne5 33. f4 Ng4 34.
h3 Nh6 35. Re1 c6 36. e5 fxe5 37. fxe5 Qe6 38. Nf4 Rxf4 39. gxf4 Nf5 40. bxc6
bxc6 41. Kh2 Kg8 42. Rc1 Ne7 43. Qc4 Nd5 44. Rd4 g5 45. Rg1 h6 46. Re4 Rf8 47.
Rg4 Kh8 48. fxg5 Rf2+ 49. Kg1 1-0

[Event "Andorra op"]
[Site "Erts - La Massana"]
[Date "2013.07.21"]
[Round "2.7"]
[White "Lyell, M."]
[Black "Kogan, A."]
[Result "0-1"]
[WhiteElo "2228"]
[BlackElo "2570"]
[PlyCount "49"]
[EventDate "2013.??.??"]
[EventType "swiss"]
[EventRounds "9"]

1. e4 c5 2. Nf3 Nc6 3. c3 d5 4. exd5 Qxd5 5. d4 Bf5 6. Be3 Nf6 7. Nbd2 cxd4 8.
Bxd4 Nxd4 9. Nxd4 Bd7 10. Qb3 e6 11. Be2 Bc5 12. N2f3 Bxd4 13. Nxd4 Qxg2 14.
Bf3 Qg5 15. Qxb7 O-O 16. Qa6 Rab8 17. b3 e5 18. Nc6 Bxc6 19. Bxc6 Rb6 20. Qa4
e4 21. b4 Qg2 22. Rf1 Qf3 23. c4 Qc3+ 24. Ke2 Qb2+ 25. Ke3 0-1

[Event "Andorra op"]
[Site "Erts - La Massana"]
[Date "2013.07.21"]
[Round "2.8"]
[White "Vovk, A."]
[Black "Heredia Serrano, C."]
[Result "1-0"]
[WhiteElo "2567"]
[BlackElo "2227"]
[PlyCount "57"]
[EventDate "2013.??.??"]
[EventType "swiss"]
[EventRounds "9"]

1. e4 e6 2. d4 d5 3. Nd2 Nf6 4. e5 Nfd7 5. f4 c5 6. Ngf3 Nc6 7. Nb3 cxd4 8.
Nbxd4 Qb6 9. c3 Nxd4 10. cxd4 Nb8 11. Be2 Bb4+ 12. Bd2 Nc6 13. a3 Bxd2+ 14.
Qxd2 a5 15. O-O a4 16. Kh1 Bd7 17. Bd3 O-O 18. Rad1 h6 19. Bb1 Ne7 20. g4 Ra5
21. Nh4 Rb5 22. Rf2 Qd8 23. Qc2 g6 24. f5 exf5 25. gxf5 gxf5 26. Rg1+ Kh8 27.
Nxf5 Nxf5 28. Rxf5 Qh4 29. Rf6 1-0

[Event "Andorra op"]
[Site "Erts - La Massana"]
[Date "2013.07.21"]
[Round "2.10"]
[White "Alonso Rosell, A."]
[Black "Garcia Paolicchi, R."]
[Result "1-0"]
[WhiteElo "2550"]
[BlackElo "2216"]
[PlyCount "75"]
[EventDate "2013.??.??"]
[EventType "swiss"]
[EventRounds "9"]

1. d4 d5 2. c4 e6 3. Nf3 c5 4. cxd5 exd5 5. Nc3 Nc6 6. g3 Nf6 7. Bg2 Be7 8. O-O
O-O 9. Bf4 c4 10. Ne5 Bf5 11. e3 h6 12. g4 Be6 13. h3 Qa5 14. Bg3 Rad8 15. Qe1
Bb4 16. Bh4 g5 17. f4 Nh7 18. Bg3 f6 19. Nxc6 bxc6 20. e4 dxe4 21. Qxe4 Bf7 22.
fxg5 hxg5 23. Rac1 Rxd4 24. Qxc6 Rd2 25. Bf2 Rd6 26. Qf3 Rd3 27. Qc6 Rd6 28.
Qb7 Bc5 29. Ne4 Bxf2+ 30. Rxf2 Bd5 31. Qe7 Rc6 32. Rd1 Bf7 33. Nxf6+ Rxf6 34.
Rxf6 Nxf6 35. Qxf6 Re8 36. Rf1 Qb6+ 37. Qxb6 axb6 38. Rf5 1-0

[Event "Andorra op"]
[Site "Erts - La Massana"]
[Date "2013.07.21"]
[Round "2.11"]
[White "Sanchez Jerez, EM."]
[Black "Lopez Martinez, JM."]
[Result "0-1"]
[WhiteElo "2215"]
[BlackElo "2547"]
[PlyCount "74"]
[EventDate "2013.??.??"]
[EventType "swiss"]
[EventRounds "9"]

1. e4 c5 2. Nc3 a6 3. Nf3 e6 4. g3 Nc6 5. Bg2 Nf6 6. O-O Qc7 7. d4 cxd4 8. Nxd4
h5 9. Bf4 Ne5 10. Bxe5 Qxe5 11. Nf3 Qc7 12. e5 Ng4 13. Qe2 d5 14. exd6 Bxd6 15.
Rad1 O-O 16. Rfe1 Rb8 17. a4 Bb4 18. Rd4 Bxc3 19. Rc4 Qxc4 20. Qxc4 Bxe1 21.
Nxe1 Bd7 22. Nd3 Rfc8 23. Qd4 Be8 24. h3 Nf6 25. Nc5 Bc6 26. Bxc6 Rxc6 27. a5
Rbc8 28. Nxb7 Rxc2 29. b4 R2c4 30. Qa7 Rxb4 31. Nd6 Rf8 32. Qxa6 Rd8 33. Qc6
Rd4 34. Nc8 e5 35. a6 e4 36. a7 e3 37. fxe3 Rd1+ 0-1

[Event "Andorra op"]
[Site "Erts - La Massana"]
[Date "2013.07.21"]
[Round "2.12"]
[White "Silva Rodriguez, J."]
[Black "Narciso Dublan, M."]
[Result "0-1"]
[WhiteElo "2198"]
[BlackElo "2536"]
[PlyCount "70"]
[EventDate "2013.??.??"]
[EventType "swiss"]
[EventRounds "9"]

1. e4 g6 2. d4 Bg7 3. Nf3 d6 4. Be2 Nf6 5. Nc3 O-O 6. O-O c5 7. d5 Na6 8. Re1
Nc7 9. Bc4 Bg4 10. h3 Bxf3 11. Qxf3 Nd7 12. Qe2 a6 13. a4 b6 14. Bg5 Re8 15. f4
Qc8 16. Ra3 Qb7 17. Qg4 e6 18. dxe6 fxe6 19. Raa1 Qc6 20. Rad1 h5 21. Qg3 b5
22. Be2 b4 23. Nb1 d5 24. Bd3 c4 25. exd5 exd5 26. Be2 Nc5 27. Bf3 Ne4 28. Bxe4
Rxe4 29. Rxe4 dxe4 30. f5 Ne8 31. fxg6 Qxg6 32. Nd2 Rd8 33. Qf4 Rd5 34. h4 c3
35. bxc3 bxc3 0-1

[Event "Andorra op"]
[Site "Erts - La Massana"]
[Date "2013.07.21"]
[Round "2.13"]
[White "Cabrera, A."]
[Black "Montagard, G."]
[Result "1-0"]
[WhiteElo "2525"]
[BlackElo "2202"]
[PlyCount "63"]
[EventDate "2013.??.??"]
[EventType "swiss"]
[EventRounds "9"]

1. d4 d5 2. c4 c6 3. Nf3 Nf6 4. Nc3 dxc4 5. a4 Bg4 6. Ne5 Bh5 7. Nxc4 e6 8. Bg5
Bb4 9. Qb3 a5 10. e3 O-O 11. f3 h6 12. Bh4 g5 13. Bf2 c5 14. Ne5 cxd4 15. exd4
Nd5 16. Bc4 Nc6 17. O-O Nxc3 18. bxc3 Bd6 19. g4 Bxe5 20. dxe5 Nxe5 21. gxh5
Nxf3+ 22. Kg2 Nd2 23. Qa2 Nxf1 24. Rxf1 Qd6 25. Bb5 Rad8 26. Qe2 e5 27. Re1 f5
28. Qxe5 Qxe5 29. Rxe5 Rd2 30. Kf1 f4 31. Bc4+ Kg7 32. Bd4 1-0

[Event "Andorra op"]
[Site "Erts - La Massana"]
[Date "2013.07.21"]
[Round "2.14"]
[White "Steil-Antoni, F."]
[Black "Gozzoli, Y."]
[Result "0-1"]
[WhiteElo "2194"]
[BlackElo "2523"]
[PlyCount "82"]
[EventDate "2013.??.??"]
[EventType "swiss"]
[EventRounds "9"]

1. e4 e5 2. Nf3 Nc6 3. Bc4 Bc5 4. c3 Nf6 5. d4 exd4 6. cxd4 Bb4+ 7. Bd2 Nxe4 8.
Bxb4 Nxb4 9. Bxf7+ Kxf7 10. Qb3+ d5 11. Qxb4 Re8 12. O-O a5 13. Qb3 a4 14. Qb4
Qd6 15. Qxd6 Nxd6 16. Nc3 c6 17. Rfe1 Rxe1+ 18. Rxe1 Nc4 19. Ne5+ Nxe5 20. Rxe5
Be6 21. a3 Ke7 22. f3 Kd6 23. Re2 b6 24. Kf2 Ra5 25. h3 Ra8 26. f4 Rf8 27. Ke3
c5 28. Rd2 Re8 29. Kf3 cxd4 30. Rxd4 Kc5 31. Rb4 Bd7 32. Nxa4+ Bxa4 33. Rxa4
Re7 34. Rb4 d4 35. Rb3 b5 36. Rd3 Kc4 37. Rd2 d3 38. Kf2 Kd4 39. g3 Rc7 40. Ke1
Rc1+ 41. Rd1 Rc2 0-1

[Event "Andorra op"]
[Site "Erts - La Massana"]
[Date "2013.07.21"]
[Round "2.15"]
[White "Norwood, DR."]
[Black "Cuenca Jimenez, JF."]
[Result "1-0"]
[WhiteElo "2491"]
[BlackElo "2186"]
[PlyCount "47"]
[EventDate "2013.??.??"]
[EventType "swiss"]
[EventRounds "9"]

1. g3 g6 2. Bg2 Bg7 3. c4 c5 4. Nc3 Nc6 5. Nf3 a6 6. O-O Rb8 7. a3 b5 8. cxb5
axb5 9. b4 c4 10. a4 bxa4 11. Rxa4 d5 12. b5 Bxc3 13. bxc6 Bg7 14. d3 c3 15.
Bf4 Rb2 16. Ra8 c2 17. Qc1 e6 18. c7 Qd7 19. Be5 Rb1 20. Bxg7 Rxc1 21. Rxc1 f6
22. Rxc2 Qxg7 23. Rxc8+ Kf7 24. Rf8+ 1-0

[Event "Andorra op"]
[Site "Erts - La Massana"]
[Date "2013.07.21"]
[Round "2.16"]
[White "Gardela Batlle, J."]
[Black "Hamitevici, V."]
[Result "0-1"]
[WhiteElo "2184"]
[BlackElo "2482"]
[PlyCount "112"]
[EventDate "2013.??.??"]
[EventType "swiss"]
[EventRounds "9"]

1. Nf3 c5 2. c4 Nc6 3. g3 g6 4. Bg2 Bg7 5. Nc3 e6 6. O-O Nge7 7. e3 O-O 8. d4
cxd4 9. Nxd4 d5 10. cxd5 exd5 11. Nce2 Qb6 12. b3 Bg4 13. Bb2 Nxd4 14. Bxd4
Bxd4 15. exd4 Rfe8 16. Re1 Nf5 17. h3 Bxe2 18. Rxe2 Rxe2 19. Qxe2 Nxg3 20. Qe5
Qxd4 21. Qxd4 Ne2+ 22. Kf1 Nxd4 23. Bxd5 Nc6 24. Bxc6 bxc6 25. Rd1 a5 26. Rd7
a4 27. b4 a3 28. Ke2 Rb8 29. Rd4 Rb5 30. Rc4 Kf8 31. Kd3 Ke7 32. Re4+ Kd6 33.
Kc4 Rf5 34. Rd4+ Kc7 35. f4 Rh5 36. Re4 Kb6 37. Re7 f5 38. Re3 Rh4 39. Kb3 Rxf4
40. Kxa3 g5 41. Kb3 g4 42. hxg4 fxg4 43. Re5 h6 44. Re6 h5 45. Rh6 Rf5 46. Rg6
Rf3+ 47. Kc4 Rf4+ 48. Kc3 h4 49. a4 g3 50. a5+ Kb5 51. Rg5+ Ka6 52. Rg6 Rf3+
53. Kc4 h3 54. Rxc6+ Kb7 55. b5 Rf7 56. Rb6+ Kc8 0-1

[Event "Andorra op"]
[Site "Erts - La Massana"]
[Date "2013.07.21"]
[Round "2.17"]
[White "Burg, T."]
[Black "Morros Faura, R."]
[Result "1-0"]
[WhiteElo "2479"]
[BlackElo "2183"]
[PlyCount "85"]
[EventDate "2013.??.??"]
[EventType "swiss"]
[EventRounds "9"]

1. e4 c5 2. Nf3 d6 3. Nc3 Nf6 4. e5 dxe5 5. Nxe5 Nbd7 6. Nc4 g6 7. Qe2 Bg7 8.
Nd6+ Kf8 9. Nxc8 Rxc8 10. g3 Rc6 11. d3 h5 12. Bg2 Re6 13. Be3 h4 14. O-O-O
hxg3 15. hxg3 Rxh1 16. Rxh1 Qa5 17. Rh4 b5 18. Bh3 Rxe3 19. Qxe3 b4 20. Nd1
Qxa2 21. Bxd7 Nxd7 22. Qf4 Ne5 23. Rh7 Bf6 24. Qe4 Kg8 25. Rh2 Nd7 26. Qc6 Nf8
27. Qxc5 a5 28. f4 e5 29. Kd2 exf4 30. gxf4 Kg7 31. Qc4 Qa4 32. Rf2 Ne6 33. f5
Bg5+ 34. Ne3 gxf5 35. Rxf5 Qa1 36. Qg4 f6 37. Rb5 Nf8 38. Rb7+ Kh6 39. Ke2 Bxe3
40. Qg7+ Kh5 41. Qxf8 Bg5 42. Qe8+ Kh4 43. Qe4+ 1-0

[Event "Andorra op"]
[Site "Erts - La Massana"]
[Date "2013.07.21"]
[Round "2.19"]
[White "Demuth, A."]
[Black "Green, AD."]
[Result "1/2-1/2"]
[WhiteElo "2463"]
[BlackElo "2160"]
[PlyCount "93"]
[EventDate "2013.??.??"]
[EventType "swiss"]
[EventRounds "9"]

1. d4 Nf6 2. c4 g6 3. Nc3 Bg7 4. e4 d6 5. Nf3 O-O 6. h3 e5 7. d5 a5 8. Be3 Na6
9. g4 Nd7 10. Nd2 f5 11. gxf5 gxf5 12. exf5 Ndc5 13. Nde4 Bxf5 14. Ng3 Bg6 15.
h4 Nb4 16. h5 Ncd3+ 17. Bxd3 Nxd3+ 18. Ke2 Nf4+ 19. Kd2 Bd3 20. Qg4 Qc8 21.
Qxc8 Raxc8 22. b3 c6 23. h6 Bf6 24. dxc6 bxc6 25. Bxf4 exf4 26. Kxd3 fxg3 27.
fxg3 Rce8 28. Rae1 Bxc3 29. Kxc3 Rf3+ 30. Kd4 Rxe1 31. Rxe1 Kf7 32. g4 Rf6 33.
c5 d5 34. Rh1 Ke6 35. Re1+ Kf7 36. Rh1 Ke6 37. g5 Rf4+ 38. Kd3 Rf3+ 39. Kd4
Rf4+ 40. Kc3 Rf3+ 41. Kd2 Kf5 42. Rg1 Rh3 43. Rg2 Rh5 44. Re2 Rxg5 45. Re7 Rh5
46. Rxh7 Ke4 47. Re7+ 1/2-1/2

[Event "Andorra op"]
[Site "Erts - La Massana"]
[Date "2013.07.22"]
[Round "3.1"]
[White "Sachdev, T."]
[Black "Rodshtein, M."]
[Result "0-1"]
[WhiteElo "2430"]
[BlackElo "2641"]
[PlyCount "121"]
[EventDate "2013.??.??"]
[EventType "swiss"]
[EventRounds "9"]

1. d4 Nf6 2. c4 g6 3. Nc3 d5 4. Bf4 Bg7 5. Nf3 O-O 6. e3 c5 7. dxc5 Ne4 8. Rc1
Nd7 9. cxd5 Qa5 10. Nd4 Nxc3 11. bxc3 Qxa2 12. c6 Nc5 13. Be2 Qxd5 14. Bf3 Qd8
15. Bg5 Qc7 16. O-O a6 17. cxb7 Bxb7 18. Bxb7 Qxb7 19. Rb1 Qc7 20. Qf3 e5 21.
Ne2 a5 22. Qd5 Rfc8 23. f4 Qc6 24. Qa2 Ne4 25. Bh4 Qc4 26. Qc2 Nxc3 27. Nxc3
Qxc3 28. Qxc3 Rxc3 29. fxe5 Bxe5 30. Bf6 Bxf6 31. Rxf6 a4 32. e4 a3 33. Rf2
Rac8 34. Ra2 Kg7 35. Rf1 Rb8 36. Rfa1 Rbb3 37. h3 Kf6 38. Rf2+ Ke6 39. Kh2 h5
40. Raf1 Rb7 41. Rf6+ Ke5 42. Ra6 h4 43. Ra1 Rbb3 44. Ra4 Rd3 45. Ra2 Kd6 46.
Rf2 Rd1 47. Ra6+ Ke5 48. Ra5+ Ke6 49. Ra6+ Ke7 50. Ra7+ Rd7 51. Rxf7+ Kxf7 52.
Rxd7+ Ke6 53. Ra7 Ke5 54. Re7+ Kd4 55. e5 Kd5 56. e6 Re3 57. Ra7 Kxe6 58. Kg1
Kd5 59. Ra4 g5 60. Kf2 Rg3 61. Ke1 0-1

[Event "Andorra op"]
[Site "Erts - La Massana"]
[Date "2013.07.22"]
[Round "3.2"]
[White "Camacho Collados, M."]
[Black "Felgaer Ziegler, R."]
[Result "1/2-1/2"]
[WhiteElo "2421"]
[BlackElo "2586"]
[PlyCount "53"]
[EventDate "2013.??.??"]
[EventType "swiss"]
[EventRounds "9"]

1. e4 c5 2. d3 Nc6 3. g3 d5 4. Nd2 e5 5. Bg2 d4 6. Ngf3 Bd6 7. O-O Nge7 8. Nc4
Bc7 9. a4 Ng6 10. c3 O-O 11. cxd4 cxd4 12. b3 a6 13. Qd2 Be6 14. Ng5 Bd7 15.
Ba3 b5 16. axb5 axb5 17. Bxf8 Rxa1 18. Rxa1 bxc4 19. Bc5 Na5 20. Qb4 Qxg5 21.
bxc4 h5 22. h4 Qd8 23. Bf3 Nc6 24. Qb7 Na5 25. Qb4 Nc6 26. Qb7 Na5 27. Qb4
1/2-1/2

[Event "Andorra op"]
[Site "Erts - La Massana"]
[Date "2013.07.22"]
[Round "3.3"]
[White "Arizmendi Martinez, JL."]
[Black "Kjartansson, G."]
[Result "1-0"]
[WhiteElo "2580"]
[BlackElo "2444"]
[PlyCount "73"]
[EventDate "2013.??.??"]
[EventType "swiss"]
[EventRounds "9"]

1. d4 d6 2. e4 Nf6 3. Nc3 g6 4. Nf3 Bg7 5. Be2 O-O 6. O-O Bg4 7. Bg5 Nc6 8. h3
Bxf3 9. Bxf3 Nd7 10. Ne2 h6 11. Be3 e5 12. c3 Ne7 13. g3 c6 14. Bg2 d5 15. dxe5
Nxe5 16. Bc5 Re8 17. Bxe7 Rxe7 18. exd5 cxd5 19. Nf4 d4 20. cxd4 Nc4 21. Rc1
Nxb2 22. Qb3 Qxd4 23. Nxg6 Rd7 24. Bxb7 Rb8 25. Rc8+ Rxc8 26. Bxc8 Rc7 27. Bf5
Qd8 28. Nf4 Rc3 29. Qb7 Rc7 30. Qf3 Rc3 31. Qe2 Rc5 32. Bc2 Re5 33. Qa6 Ra5 34.
Qc6 Qd4 35. Bb3 Bf8 36. Bxf7+ Kxf7 37. Qc7+ 1-0

[Event "Andorra op"]
[Site "Erts - La Massana"]
[Date "2013.07.22"]
[Round "3.6"]
[White "Torres Sanchez, J."]
[Black "Vovk, A."]
[Result "0-1"]
[WhiteElo "2363"]
[BlackElo "2567"]
[PlyCount "66"]
[EventDate "2013.??.??"]
[EventType "swiss"]
[EventRounds "9"]

1. g3 g6 2. Bg2 Bg7 3. e4 c5 4. c3 Nc6 5. Ne2 e5 6. O-O Nge7 7. b4 cxb4 8. cxb4
Nxb4 9. d4 exd4 10. Bh6 Bxh6 11. Qxd4 O-O 12. Qxb4 Nc6 13. Qb3 b6 14. Nbc3 Ba6
15. Rfd1 Bg7 16. Rac1 Rc8 17. f4 Na5 18. Qa3 Re8 19. e5 Bc4 20. Nd4 f6 21. e6
dxe6 22. Nc6 Qc7 23. Nxa5 Bf8 24. Qa4 Qc5+ 25. Kh1 Qxa5 26. Qxa5 bxa5 27. Ne4
Be7 28. Rd7 Bxa2 29. Rxc8 Rxc8 30. h4 Kf8 31. Rxa7 Rc1+ 32. Kh2 Rc2 33. Ra8+
Kf7 0-1

[Event "Andorra op"]
[Site "Erts - La Massana"]
[Date "2013.07.22"]
[Round "3.7"]
[White "Steingrimsson, H."]
[Black "Trent, L."]
[Result "0-1"]
[WhiteElo "2557"]
[BlackElo "2420"]
[PlyCount "126"]
[EventDate "2013.??.??"]
[EventType "swiss"]
[EventRounds "9"]

1. d4 d5 2. c4 e5 3. dxe5 d4 4. Nf3 Nc6 5. a3 Bg4 6. Qb3 Qd7 7. Qxb7 Rb8 8. Qa6
Nge7 9. Nbd2 Ng6 10. g3 d3 11. e3 Bb4 12. Bg2 Bxd2+ 13. Nxd2 Ngxe5 14. O-O Bh3
15. Bxh3 Qxh3 16. f4 O-O 17. c5 Ng4 18. Nf3 d2 19. Bxd2 Rxb2 20. Qe2 Re8 21. e4
h6 22. Rfb1 Rxe4 23. Qf1 Qxf1+ 24. Rxf1 Re2 25. h3 Nh2 26. Nxh2 Rexd2 27. Nf3
Rg2+ 28. Kh1 Rxg3 29. Rad1 Rxh3+ 30. Kg1 Rg3+ 31. Kh1 Rb3 32. Ng1 Rgd3 33. f5
Rxa3 34. f6 gxf6 35. Rxd3 Rxd3 36. Rxf6 Ne5 37. Rxh6 c6 38. Rh4 Rd1 39. Rf4 Rc1
40. Kg2 Rxc5 41. Ne2 a5 42. Ng3 Kf8 43. Kf1 Rc3 44. Kg2 Rc2+ 45. Kf1 c5 46. Ra4
Nc6 47. Nf5 Rh2 48. Nd6 Ke7 49. Nb7 Rc2 50. Nxa5 Nxa5 51. Rxa5 Ke6 52. Ke1 f5
53. Kd1 Rc4 54. Ra8 Re4 55. Kd2 c4 56. Ra5 Kf6 57. Ra1 Kg5 58. Rg1+ Kf4 59.
Rf1+ Kg4 60. Rg1+ Kh3 61. Rf1 f4 62. Rh1+ Kg2 63. Rh4 Kg3 0-1

[Event "Andorra op"]
[Site "Erts - La Massana"]
[Date "2013.07.22"]
[Round "3.9"]
[White "Lopez Martinez, JM."]
[Black "Berkovich, MA."]
[Result "1/2-1/2"]
[WhiteElo "2547"]
[BlackElo "2375"]
[PlyCount "79"]
[EventDate "2013.??.??"]
[EventType "swiss"]
[EventRounds "9"]

1. e4 e5 2. Nf3 Nc6 3. Bb5 g6 4. c3 Nge7 5. d4 exd4 6. cxd4 d5 7. exd5 Nxd5 8.
O-O Bg7 9. Re1+ Be6 10. Bg5 Qd6 11. Nbd2 O-O 12. Ne4 Qb4 13. Bxc6 bxc6 14. Qc1
Rfe8 15. Bd2 Qb6 16. Nc5 Bf5 17. b3 a5 18. Ne5 Nb4 19. Qc4 Bxe5 20. Rxe5 Rxe5
21. dxe5 Rd8 22. Bh6 Nd5 23. h3 Qb4 24. g4 Bc8 25. Rd1 Re8 26. a3 Qc3 27. Qxc3
Nxc3 28. Re1 f5 29. f3 Nb5 30. Kg2 Nxa3 31. e6 Nc2 32. Rd1 Bxe6 33. Nxe6 Rxe6
34. Rd8+ Kf7 35. Rh8 Nd4 36. Rxh7+ Ke8 37. Rh8+ Ke7 38. Rh7+ Ke8 39. Rh8+ Kf7
40. Rh7+ 1/2-1/2